| 000 | 00369nam a22001577a 4500 | ||
|---|---|---|---|
| 003 | NUST | ||
| 020 | _a9789811322440 | ||
| 038 | _akhadija | ||
| 082 |
_a006.3 _bSOM |
||
| 100 |
_aMahmoudzadeh _991963 |
||
| 245 |
_aAutonomy and Unmanned Vehicles / _cSomaiyeh Mahmoudzadeh |
||
| 260 |
_aSingapore _bSpringer _c2019 |
||
| 300 | _ap107 | ||
| 563 | _aHB | ||
| 942 |
_2ddc _cBK |
||
| 999 |
_c590075 _d590075 |
||